000 00960nam0a2200289 4500
001 RU\NLR\BIBL_A\011442431
005 20260406101300.0
010 _a9785389121041
_93000
021 _aRU
_b2017-48440
_93474
035 _a(RuMoRGB)008931176
035 _a(NLR Aleph) 011442431
090 _a11710078
_c11710078
100 _a20170721d2017 u y0rusy50 ca
101 1 _arus
_ceng
102 _aRU
_aUA
105 _ay z 000
200 1 _aВолшебный дневник
_eроман
_fСесилия Ахерн
_gперевод с английского Л. Володарской
210 _aМосква [и др.]
_cИностранка [и др.]
_d2017
215 _a446, [1] с.
_d17
333 _a16+
686 _aШ5(4И)162-644
_2rubbk
686 1 _aШ6(4И)167-4{Лх1328}
700 1 _aАхерн
_bС.
_f1981-
_gСесилия
_962156
_3RU\NLR\AUTH\7779228
942 _cBOOK
980 _aNBR